Score 0/24 Timer 05:00
0 Plays Today
Question Answer Wrong Answers
J.K. Rowling United Kingdom
92.2%
United States
2.1%
France
0.2%
Ireland
0.5%
Voltaire France
92%
United States
0.9%
United Kingdom
1.2%
Ireland
1%
Gaston Leroux France
91.2%
United States
1.2%
United Kingdom
1.6%
Ireland
1.1%
Charles Dickens United Kingdom
90.9%
United States
3.4%
France
0.3%
Ireland
0.5%
Alexandre Dumas France
89.4%
United States
1.9%
United Kingdom
2.4%
Ireland
1.2%
John Steinbeck United States
89.2%
United Kingdom
3.9%
France
0.6%
Ireland
1.2%
Mark Twain United States
89.1%
United Kingdom
4.7%
France
0.3%
Ireland
0.8%
Jane Austen United Kingdom
88.3%
United States
4.9%
France
0.7%
Ireland
0.9%
Agatha Christie United Kingdom
87.8%
United States
5.6%
France
0.7%
Ireland
1%
Charles Perrault France
87.6%
United States
3.3%
United Kingdom
2.9%
Ireland
1.2%
Victor Hugo France
86.5%
United States
2.5%
United Kingdom
4.5%
Ireland
1.7%
Dr. Seuss United States
84.7%
United Kingdom
7%
France
2.6%
Ireland
1.1%
Ernest Hemingway United States
83.1%
United Kingdom
9.5%
France
0.5%
Ireland
1.9%
James Joyce Ireland
76.4%
United States
8.6%
United Kingdom
9.4%
France
0.7%
Roald Dahl United Kingdom
73.4%
United States
13.7%
France
3.2%
Ireland
4.7%
Jules Verne France
73.2%
United States
6.1%
United Kingdom
13.7%
Ireland
1.9%
H.G. Wells United Kingdom
69.7%
United States
20.9%
France
1.1%
Ireland
3.2%
Nathaniel Hawthorne United States
68.9%
United Kingdom
21%
France
1%
Ireland
4.4%
George R. R. Martin United States
61.9%
United Kingdom
29.5%
France
0.8%
Ireland
2.9%
Oscar Wilde Ireland
61.2%
United States
7.3%
United Kingdom
25.7%
France
0.8%
Emma Donoghue Ireland
58.4%
United States
12.9%
United Kingdom
20.1%
France
3.6%
William Butler Yeats Ireland
58.3%
United States
7.8%
United Kingdom
28%
France
0.8%
Bram Stoker Ireland
46.6%
United States
7.3%
United Kingdom
38.2%
France
3.1%
Samuel Beckett Ireland
44.4%
United States
14.3%
United Kingdom
33.8%
France
2.3%
Remove Ads.
Support Sporcle.
Get the best of Sporcle when you Go Orange. This ad-free experience offers more features, more stats, and more fun while also helping to support Sporcle. Thank you for becoming a member.

You're not logged in!

Compare scores with friends on all Sporcle quizzes.
OR
Log In

Show Comments

Extras

Top Quizzes Today


Score Distribution

Your Account Isn't Verified!

In order to create a playlist on Sporcle, you need to verify the email address you used during registration. Go to your Sporcle Settings to finish the process.

Report this User

Report this user for behavior that violates our Community Guidelines.

Details: